00872cam a2200241 a 450000100100000000500170001000800410002702000150006804000180008308200190010110000540012024500630017426000480023730000200028549000190030558600470032465000300037165000320040183000260043391000340045995201220049399900150061500000619620200929151953.0940617s1993 ck 000 p spa  a9586121526 aDO-SdBNPcDLC aC861.44bG633t1 aGómez Campillo, Francisco Javier,d1968-91735013aLa tiniebla luminosa /cFrancisco Javier Gómez Campillo. aSantafé de Bogotá :bColcultura,c1993. a62 p. ;c21 cm.1 aPoesía Joven aPremios nacionales de poesía joven 1993. 4aPoesía colombiana93742 4aLiteratura colombiana91244 0aPoesía Joven917351 aCatalogación por copia / LC 001052708MOaGRbGRcCTd2009-08-26iLF1l0oC861.44 G633tp6196-10r2020-06-25w2020-06-25y2ZPréstamo interno c5991d5991